Movies Quiz

Random Movies Quiz
Score 0/21 Timer 05:00
0 Plays Today
Year Movie % Correct
1999American Pie
95.1%
2003American Pie - The Wedding
94.6%
2001American Pie 2
94.1%
2005The Dukes Of Hazzard
74.9%
2008Role Models
71.7%
2000Dude, Wheres My Car
56.6%
2007Mr Woodcock
49.6%
2000Road Trip
47.2%
2003The Rundown
45%
2003Old School
36.9%
2000Final Destination
35%
Year Movie % Correct
2003Bulletproof Monk
30.2%
2001Evolution
26.7%
2006Ice Age The Meltdown
24.5%
2009Ice Age Dawn Of The Dinosaurs
23.7%
2001Jay and Silent Bob Strike Back
18.1%
2006Southland Tales
14.8%
2008The Promotion
12.4%
2002Stark Raving Mad
8.1%
2009Planet 51
8.1%
2007Trainwreck My Life as an Idoit
0.8%

You're not logged in!

Compare scores with friends on all Sporcle quizzes.
OR
Log In

Sporcle TV

Today on Sporcle TV


Watch our educational content, quiz creation guides, and fun videos on Sporcle TV.

Show Comments

Extras

Top Quizzes Today


Score Distribution

Paid Content

Your Account Isn't Verified!

In order to create a playlist on Sporcle, you need to verify the email address you used during registration. Go to your Sporcle Settings to finish the process.

Report this User

Report this user for behavior that violates our Community Guidelines.

Details: